| 000 | 00632nam a2200193 a 4500 | ||
|---|---|---|---|
| 001 | 000865600 | ||
| 003 | AM-YEHGA | ||
| 005 | 20250617163832.0 | ||
| 008 | 120208s1962 ru r 000 0 rus d | ||
| 040 | _aAM-YeHGA | ||
| 041 | 0 | _arus | |
| 100 | 1 | _aЕгорова, Елизавета Николаевна | |
| 245 | 1 | 0 |
_aСахарная свекла - могучая культура / _cЕ.Н. Егорова. |
| 260 |
_aЛ. : _bЛениздат, _c1962. |
||
| 300 |
_a32 с. ; _c20 см. |
||
| 440 | 0 | _aРешения XXII съезда КПСС - в жизнь! | |
| 650 | 1 | 4 | _aСахарная свекла |
| 090 | _c517001 | ||
| 999 |
_c513486 _d513486 |
||